Tallest Building In Every Decade In The USA - Statistics

General Stats
  • This quiz has been taken 85 times
  • The average score is 3 of 12
Answer Stats
Hint Answer % Correct
1910 Flatiron Building
62%
1950 Empire State Building
52%
2010 One World Trade Center
52%
1940 Chrysler Building
33%
1920 Wool Worth Building
33%
2020 Central Park Tower
29%
1970 Willis tower
29%
1930 Terminal tower
14%
2000 World Trade Center
14%
1960 American-Int'l-Building
10%
1990 John Hancock Center
5%
1980 The Franklin Center
0%
No matching quizzes found
Score Distribution
Percent of People with Each Score
Percentile by Number Answered
Your Score History
You have not taken this quiz